| 000 | 01111nam a2200217Ia 4500 | ||
|---|---|---|---|
| 003 | Ost | ||
| 005 | 20260507075135.0 | ||
| 008 | 260507s9999||||xx |||||||||||||| ||und|| | ||
| 020 | _a7614509953 | ||
| 040 | _cfsecg | ||
| 041 | _aara | ||
| 082 | _a330 | ||
| 100 |
_aالإمام، محمد محمود _eمؤلف |
||
| 245 | 0 |
_aتجارب التكامل العالمية ومغزاها للتكامل العربي / _c محمد محمود الإمام |
|
| 260 |
_aبيروت: _bمركز دراسات الوحدة العربية, _c2004 |
||
| 300 |
_a732 صفحة؛ _bإيضاحات ؛ _c24 سم |
||
| 520 | _aالخبرة الإفريقية في التكامل والتعاون الإقليمي- تجارب التكامل في آسيا- التجارب الأمريكية- المعالم الأساسية للتجارب العربية- خلاصة تجارب التكامل ومغزاها بالنسبة الى الوطن العربي- نحو مشروع لتطوير التكامل العربي. | ||
| 653 | _aالتعاون الدولي | ||
| 653 | _aالتكامل الإقتصادي | ||
| 942 | _cكتاب | ||
| 999 |
_c43252 _d43252 |
||